000 00893nam a22002897a 4500
003 CHAP
005 20220329135008.0
008 971013s1984 r 00010 d
010 _a29229
011 _a30201
035 _a34313
040 _cCHAP
082 _a581.134
_bK68
100 0 0 _aKozlowski, Theodore Thomas.
_963831
245 _aFloodding and plant growth
260 _aOrlando :
_bAcademic Press,
_c1984
300 _a356 p.
_b: ilus. ; gráfs.
490 _aPhysiological ecology
590 _aBATCH-UPD
_b10
_c20130110
_lUCH01
_h1640
590 _aCONVERSION
_b10
_c20130109
_lUCH01
_h1317
650 1 4 _aInundaciones
_xEfecto en suelos.
_960164
650 1 4 _aPlantas
_xCrecimiento
_xAditivos.
_988804
830 0 _aPhysiological ecology
_987897
901 _aBK
942 _cLIBRO
949 _a581.134 K68
_bBC
_cLIBRO
_d33724000502738
_eLIBRO
_gI. 132339
_h69086
_i34313
_si
_t42.11
999 _c29229
_d29229